Ejercicios y soluciones de contabilidad analítica de explotación / (Record no. 124113)

MARC details
000 -LEADER
campo de control de longitud fija 00588nam a2200181 4500
001 - NÚMERO DE CONTROL
campo de control 124113
003 - IDENTIFICADOR DE NÚMERO DE CONTROL
campo de control ES-MaACL
005 - FECHA Y HORA DE LA ÚLTIMA TRANSACCIÓN
campo de control 20230906192326.0
007 - CAMPO FIJO DE DESCRIPCIÓN FÍSICA--INFORMACIÓN GENERAL
campo de control de longitud fija t|
008 - DATOS DE LONGITUD FIJA--INFORMACIÓN GENERAL
campo de control de longitud fija 070214s1966 sp r ||||1| spa d
100 1# - ENTRADA PRINCIPAL--NOMBRE DE PERSONA
Nombre de persona Rapin, Albert.
9 (RLIN) 95459
245 10 - MENCIÓN DEL TÍTULO
Título Ejercicios y soluciones de contabilidad analítica de explotación /
Mención de responsabilidad, etc. Albert Rapin, J. Poly ; traducción de Mª del Carmen Balzategui.
260 ## - PUBLICACIÓN, DISTRIBUCIÓN, ETC.
Lugar de publicación, distribución, etc. Bilbao :
Nombre del editor, distribuidor, etc. Deusto,
Fecha de publicación, distribución, etc. 1966.
300 ## - DESCRIPCIÓN FÍSICA
Extensión 280 p. ;
Dimensiones 21 cm.
700 1# - ENTRADA AGREGADA--NOMBRE PERSONAL
Nombre de persona Poly, J.
9 (RLIN) 92893
700 1# - ENTRADA AGREGADA--NOMBRE PERSONAL
Nombre de persona Balzategui, María Carmen.
9 (RLIN) 25140
852 ## - LOCALIZACIÓN
Ubicación ES-MaACL
Número de control de estantería C-31598
Sublocalización o colección R.62280
Holdings
Estatus retirado Estado de pérdida Estado de daño No para préstamo Biblioteca de origen Biblioteca actual Ubicación en estantería Fecha de adquisición Fuente de adquisición Total de préstamos Signatura topográfica completa Código de barras Visto por última vez Precio de reemplazo Tipo de ítem Koha
        Biblioteca del Ateneo de Madrid Biblioteca del Ateneo de Madrid Depósito 2 17/01/2008     C-31598 1129301 23/02/2023 23/02/2023 Libro impreso